| 000 | 00839nam a22002175a 4500 | ||
|---|---|---|---|
| 003 | OSt | ||
| 005 | 20170314112130.0 | ||
| 008 | 170313s2010 ua frb 000 0 ara d | ||
| 015 | _a2010 / 2195 | ||
| 020 | _a9789770463524 | ||
| 040 |
_aEG-ScBUE _bara _cEG-ScBUE |
||
| 082 | 0 | 4 |
_a346.02 _bم ص ر _222 |
| 100 | 1 | _aمصري، حازم بيومي. | |
| 245 | 1 | 2 |
_aالتوازن في العقد الإداري الدولي (الفيديك - اليونسترال) : _bدراسة مقارنة / _cحازم بيومي المصري. |
| 260 |
_aالقاهرة : _bدار النهضة العربية، _c2010. |
||
| 300 |
_a430 ص. ؛ _c24 سم. |
||
| 504 | _aيشتمل على إرجاعات ببليوجرافية. | ||
| 650 | 7 |
_aالعقود الإدارية (قانون دولي) _2BUEsh _941076 |
|
| 653 |
_bLLAAWW _cMarch2017 |
||
| 942 | _2ddc | ||
| 999 |
_c24414 _d24386 |
||